Cuadernos del sur 8/9 /
Guardado en:
| Formato: | Libro |
|---|---|
| Publicado: |
Bah¡a Blanca :
Instituto de humanidades,
1968
|
| Series: | Cuadernos del sur, 8/9
|
| Materias: | |
| Etiquetas: |
Agregar Etiqueta
Sin Etiquetas, Sea el primero en etiquetar este registro!
|
| LEADER | 00503nam a22001815a 4500 | ||
|---|---|---|---|
| 001 | CEM.cems006971 | ||
| 005 | 20060214000000.0 | ||
| 008 | 130507s1968##################000#0#####d | ||
| 003 | CEMS | ||
| 082 | 0 | 4 | |a 001.3 |
| 245 | 0 | 0 | |a Cuadernos del sur 8/9 / |
| 260 | |a Bah¡a Blanca : |b Instituto de humanidades, |c 1968 | ||
| 300 | |a 241 p. | ||
| 490 | 0 | |a Cuadernos del sur, 8/9 | |
| 653 | |a Arqueologia | ||
| 653 | |a Caudillismo | ||
| 653 | |a Montoneras | ||
| 859 | |a CEMS |b BIB. CEMS - 11 de abril |h 001.3 |i C891-8/9 |p 11396.82 |t Ej.1 | ||
